Who leads MLB rivalries - Statistics

General Stats
  • This quiz has been taken 38 times
  • The average score is 3 of 7
Answer Stats
Question Answer % Correct
Cardinals vs Cubs Cubs
83%
Yankees vs Red Sox Yankees
83%
Phillies vs Mets Phillies
67%
Braves vs Mets Braves
50%
Twins vs White Sox White Sox
33%
Dodgers vs Giants Giants
17%
Cubs vs White Sox White Sox
0%
No matching quizzes found
Score Distribution
Percent of People with Each Score
Percentile by Number Answered
Your Score History
You have not taken this quiz